000 00895nas a2200289 4500
001 BR9206449
003 BR-BrBNA
005 20231205092924.0
007 ta
008 230509b bl.|||p| |||| 00| 00por d
040 _aBR-BrBNA
_bpor
_cBiblioteca Nacional de Agricultura
041 _a(Pt)
072 _aL51
100 1 _aRodriguez, N.M.
100 1 _aOrsine, G.F.
100 1 _aPizarro, E.A.
100 1 _aSocorro, E.P. do
245 1 _aEfeito da monensina sodica sobre a digestibilidade aparente do feno de soja perene
650 _aBOVINO
650 _aDIGESTIBILIDADE
650 _aFENO
650 _aSOJA PERENE
650 _aANTI-HELMINTICO
773 0 _tArquivos da Escola de Veterinaria da Universidade Federal de Minas Gerais (Brazil)
_xISSN 0365-8384
_g(Apr 1982), v. 34(1) p. 175-183
_wBR9206449
909 _a202311
_bLúcia
_c55
_dLúcia Elande
942 _2AGRIS
_n0
_cANA
999 _c135134
_d135134